| 000 | 00364nam a22001337a 4500 | ||
|---|---|---|---|
| 082 |
_a624.15136 _bKIN _cL-16, P-14 |
||
| 100 |
_aJohn H. G. King _942438 |
||
| 245 | _aSoil mechanics related to building | ||
| 260 |
_aLondon _bPitman _c1954 |
||
| 300 |
_a168 p. _billus. _c20 cm. |
||
| 526 |
_a0 _b0 _c0 _d624_151360000000000_KIN |
||
| 650 |
_aMCE _9379 |
||
| 942 |
_2ddc _cBK |
||
| 999 |
_c546330 _d546330 |
||